| 000 | 00445nam a2200157Ia 4500 | ||
|---|---|---|---|
| 008 | 210210b1974 xxu||||| |||| 00| 0 eng d | ||
| 020 | _a0 7069 0296 3 | ||
| 082 | _a338.954 BEHE | ||
| 100 | _aBEHARI (Bepin). | ||
| 245 | _aEconomic growth and technological change in India. | ||
| 260 |
_aDelhi _bVikas Publishing House Pvt Ltd., _c1974 |
||
| 300 | _axvii,274 | ||
| 650 | _aTechnological change | ||
| 690 | _aIndian Economics | ||
| 906 | _a033253 | ||
| 999 |
_c84079 _d84079 |
||